FIFA 100 - Statystyki

Ogólne statystyki
  • Ten quiz został rozwiązany 194 razy
  • Średni wynik to 32 z 125
Statystyki odpowiedzi
Narodowość Zawodnik % Poprawnych
Brazylia Ronaldo
84%
Argentyna Maradona
81%
Brazylia | Ghana Pele
80%
Francja Zidane
60%
Polska Boniek
58%
Liberia Weah
58%
Brazylia Ronaldinho
57%
Irlandia Północna Best
51%
Włochy Maldini
51%
Węgry Puskas
51%
Portugalia Eusebio
50%
Brazylia Rivaldo
49%
Brazylia Carlos
47%
Holandia van Basten
46%
Francja Henry
45%
Czechy Nedved
45%
Portugalia Figo
44%
Holandia Gullit
44%
Dania Laudrup
44%
Chorwacja Suker
44%
Rumunia Hagi
42%
Nigeria Okocha
42%
Niemcy Muller
41%
Niemcy Beckenbauer
40%
Anglia Beckham
40%
Anglia Owen
40%
Dania Schmeichel
40%
Holandia Cruyff
38%
Japonia Nakata
38%
Francja Platini
37%
Meksyk Sanchez
37%
Włochy Buffon
36%
Brazylia Cafu
36%
Argentyna Zanetti
36%
Włochy Del Piero
35%
Bułgaria Stoichkov
35%
Ukraina Shevchenko
34%
Argentyna Di Stefano
33%
Hiszpania Raul
33%
Brazylia Zico
33%
Irlandia Keane
32%
Francja Trezeguet
32%
Włochy Baggio
31%
Argentyna Crespo
31%
Niemcy Matthaus
31%
Anglia Shearer
31%
Argentyna Veron
31%
Włochy Baresi
30%
Anglia Lineker
30%
Brazylia Socrates
30%
Anglia Charlton
29%
Kolumbia Valderrama
29%
Niemcy Kahn
28%
Włochy Nesta
28%
Szkocja Dalglish
27%
Francja Desailly
27%
Holandia Kluivert
26%
Brazylia Romario
26%
Hiszpania Butragueno
25%
Brazylia Alberto
24%
Niemcy Ballack
24%
Portugalia Costa
24%
Francja Pires
24%
Włochy Totti
24%
Holandia Bergkamp
23%
Kamerun Milla
23%
Francja Vieira
23%
Włochy Vieri
23%
Argentyna Batistuta
22%
Francja Thuram
22%
Francja Cantona
21%
Argentyna Kempes
21%
Holandia Rijkaard
21%
Włochy Rossi
20%
Holandia Seedorf
19%
Holandia van Nistelrooy
19%
Francja Deschamps
17%
Francja Papin
15%
Niemcy Rummenigge
15%
Włochy Zoff
15%
Francja Kopa
14%
Holandia Davids
13%
Anglia Banks
12%
Senegal Diouf
10%
Hiszpania Enrique
10%
Czechy Masopust
10%
Francja Fontaine
9%
Niemcy Klinsmann
9%
Niemcy Maier
9%
Brazylia Rivelino
9%
Anglia Keegan
8%
Argentyna Passarella
8%
Turcja Recber
7%
Chile Zamorano
7%
Niemcy Breitner
6%
Peru Cubillas
6%
Holandia Neeskens
6%
Brazylia Santos
6%
Argentyna Saviola
6%
Włochy Facchetti
5%
Brazylia Falcao
5%
Włochy Rivera
5%
Argentyna Sivori
5%
Rosja Dasajew
4%
Urugwaj Francescoli
4%
Francja Tresor
4%
Belgia Ceulemans
3%
Chile Figueroa
3%
USA Hamm
3%
Niemcy Seeler
3%
USA Akers
2%
Turcja Belozoglu
2%
Włochy Bergomi
2%
Włochy Boniperti
2%
Brazylia Junior
2%
Belgia Pfaff
2%
Holandia van de Kerkhof
2%
Belgia Van der Elst
2%
Korea Południowa Myung-bo
1%
Holandia Rensenbrink
1%
Paragwaj Romerito
1%
Nie znaleziono quizów pasujących do podanych kryteriów
Rozkład punktacji
Procent ludzi z każdym wynikiem
Percentyl według liczby udzielonych odpowiedzi
Twoja historia wyników
Nie rozwiązałeś tego quizu